Southville International School and Colleges
Your cart is empty.
  • Cart
  • Lists
    Public lists Eva Luna New books Lux_list list_1
    Your lists Log in to create your own lists
  • Log in to your account
  • Your cookies
  • Search history
Southville International School and Colleges
  • Advanced search
  • Recent comments
  • Most popular
  • Libraries

Log in to your account

Log in with GOOGLE


If you do not have an external account, but do have a local account, you can still log in:

  1. Home
  2. MARC view: Corelli's mandolin /
Normal view MARC view ISBD view

Corelli's mandolin / (Record no. 11315)

[ view plain ]
MARC details
000 -LEADER
fixed length control field 01043pam a2200313 a 4500
001 - CONTROL NUMBER
control field 4431543
003 - CONTROL NUMBER IDENTIFIER
control field OSt
005 - DATE AND TIME OF LATEST TRANSACTION
control field 20140310182249.0
008 - FIXED-LENGTH DATA ELEMENTS--GENERAL INFORMATION
fixed length control field 940216r1994 nyu 000 1 eng
010 ## - LIBRARY OF CONGRESS CONTROL NUMBER
LC control number 94004783
020 ## - INTERNATIONAL STANDARD BOOK NUMBER
International Standard Book Number 0679436448 :
Terms of availability $24.00
040 ## - CATALOGING SOURCE
Original cataloging agency DLC
Transcribing agency DLC
Modifying agency DLC
043 ## - GEOGRAPHIC AREA CODE
Geographic area code e-gr---
050 00 - LIBRARY OF CONGRESS CALL NUMBER
Classification number PR 6054
Item number .Ei32C6 1994
082 00 - DEWEY DECIMAL CLASSIFICATION NUMBER
Classification number FIC
Item number D35c 1994
100 1# - MAIN ENTRY--PERSONAL NAME
Personal name De Bernières, Louis.
9 (RLIN) 19778
245 10 - TITLE STATEMENT
Title Corelli's mandolin /
Statement of responsibility, etc Louis De Bernières.
250 ## - EDITION STATEMENT
Edition statement 1st American ed.
260 ## - PUBLICATION, DISTRIBUTION, ETC. (IMPRINT)
Place of publication, distribution, etc New York :
Name of publisher, distributor, etc Pantheon Books,
Date of publication, distribution, etc c1994.
300 ## - PHYSICAL DESCRIPTION
Extent 437 p. :
Dimensions 18 cm.
541 ## - IMMEDIATE SOURCE OF ACQUISITION NOTE
-- 1
650 #0 - SUBJECT ADDED ENTRY--TOPICAL TERM
Topical term or geographic name as entry element World War, 1939-1945
Geographic subdivision Greece
-- Cephalonia Island
Form subdivision Fiction.
9 (RLIN) 19779
651 #0 - SUBJECT ADDED ENTRY--GEOGRAPHIC NAME
Geographic name Cephalonia Island (Greece)
Form subdivision Fiction.
9 (RLIN) 19780
655 #7 - INDEX TERM--GENRE/FORM
Genre/form data or focus term Historical fiction.
Source of term gsafd
9 (RLIN) 2926
655 #7 - INDEX TERM--GENRE/FORM
Genre/form data or focus term War stories.
Source of term gsafd
9 (RLIN) 4878
906 ## - LOCAL DATA ELEMENT F, LDF (RLIN)
a 7
b cbc
c orignew
d 1
e ocip
f 19
g y-gencatlg
942 ## - ADDED ENTRY ELEMENTS (KOHA)
Source of classification or shelving scheme Library of Congress Classification
Koha item type
Call number prefix
Holdings
Withdrawn status Lost status Source of classification or shelving scheme Damaged status Home library Current library Shelving location Date acquired Total Checkouts Full call number Barcode Date last seen Copy number Price effective from Koha item type
    Library of Congress Classification   Luxembourg Library Luxembourg Library Fiction Section 09/14/2013   PR 6054 .Ei32C6 1994 12893 09/14/2013 1 09/14/2013 Books

Corelli's mandolin /

APA

De Bernières L., . (1994). Corelli's mandolin. New York: Pantheon Books.

Chicago

De Bernières Louis, . 1994. Corelli's mandolin. New York: Pantheon Books.

Harvard

De Bernières L., . (1994). Corelli's mandolin. New York: Pantheon Books.

MLA

De Bernières Louis, . Corelli's mandolin. New York: Pantheon Books. 1994.

  • Place hold
  • Print
  • Cite
  • Add to your cart (remove)
  • Save record
    BIBTEX Dublin Core MARCXML MARC (non-Unicode/MARC-8) MARC (Unicode/UTF-8) MARC (Unicode/UTF-8, Standard) MODS (XML) RIS
  • More searches
    Search for this title in:
    Other Libraries (WorldCat) Other Databases (Google Scholar) Online Stores (Bookfinder.com) Open Library (openlibrary.org)

Exporting to Dublin Core...

SOUTHVILLE LIBRARY

Southville International School and Colleges Library

1281 Tropical Ave. Cor. Luxembourg St., BF Homes International, Las Pinas City

Tel. No. 8256374 / 252358 Loc. 117/146

Powered by Koha